Les meilleurs buteurs européens lors de la saison 2021-2022 - Statistiques

Statistiques générales
  • Ce quiz a été pris 467 fois
  • Le résultat moyen est 19 sur 31
Statistiques - réponses
Nationalité Nombre de buts Joueur % Correct
3 France 39 Kylian Mbappé
100%
1 Pologne 50 Robert Lewandowski
98%
2 France 44 Karim Benzema
97%
7 Egypte 31 Mohamed Salah
96%
8 Norvège 29 Erling Haaland
94%
13 Portugal 24 Cristiano Ronaldo
93%
10 Angleterre 27 Harry Kane
93%
13 Corée du Sud 24 Heung-min Son
91%
17 Sénégal 23 Sadio Mané
87%
13 Algérie 24 Riyad Mahrez
85%
5 Italie 32 Ciro Immobile
84%
23 Gabon 20 Pierre-Emerick Aubameyang
78%
4 France 35 Christopher Nkunku
75%
29 Canada 19 Jonathan David
73%
29 Belgique 19 Kevin De Bruyne
65%
5 France 32 Wissam Ben Yedder
63%
12 Argentine 25 Lautaro Martinez
61%
8 Serbie 29 Dusan Vlahovic
60%
19 Brésil 22 Vinicius Junior
59%
19 France 22 Moussa Dembélé
55%
13 République Tchèque 24 Patrick Schick
53%
23 Pologne 20 Arkadiusz Milik
49%
23 Algérie 20 Andy Delort
34%
21 France 21 Martin Terrier
34%
23 France 20 Gaëtan Laborde
27%
21 Portugal 21 Diogo Jota
26%
17 France 23 Anthony Modeste
18%
10 Angleterre 27 Tammy Abraham
15%
29 Espagne 19 Borja Iglesias
7%
23 Espagne 20 Juanmi
3%
23 Nigeria 20 Taiwo Awoniyi
3%
Aucun quiz correspondant
Distribution des résultats
% des personnes avec chaque résultat
Percentile par nombre de réponses
Votre historique - résultats
Vous n’avez pas pris ce quiz